| 000 | 01475nam a2200421 i 4500 | ||
|---|---|---|---|
| 001 | 1324 | ||
| 003 | KOSZ 005 | ||
| 005 | 20201103115001.0 | ||
| 008 | 020718s1978 pl a f |000 0 pol | ||
| 015 | _aPB 1978/10132 | ||
| 035 | _a(OCoLC)749190550 | ||
| 040 |
_aWA N _cWA N _dKOSZ 005/HR |
||
| 041 | 1 |
_apol _hrus |
|
| 046 | _k1976 | ||
| 080 | _a664 | ||
| 245 | 0 | 0 |
_aProcesy i aparaty w przemyśle spożywczym / _cW. N. Stabnikow [et al.] ; tł. z ros. [Henryk Błasiński et al.]. |
| 246 | 1 |
_iTyt. oryg.: _aProcessy i apparaty piŝčevyh proizvodstv, _f1976. |
|
| 250 | _aWyd. 2. | ||
| 260 |
_aWarszawa : _bWydawnictwa Naukowo-Techniczne, _c1978. |
||
| 300 |
_a569, [3] s. : _bil., tab., wykr. ; _c25 cm. |
||
| 336 |
_2rdacontent _aTekst _btxt |
||
| 337 |
_2rdamedia _aBez urządzenia pośredniczącego _bn |
||
| 338 |
_2rdacarrier _aWolumin _bnc |
||
| 380 | _aKsiążki | ||
| 388 | _a1901-2000 | ||
| 388 | _a1945-1989 | ||
| 504 | _aBibliogr. przy rozdz. | ||
| 650 | 4 | _aŻywność | |
| 650 | 4 | _aNarzędzia i maszyny | |
| 650 | 4 | _aTechnologia żywności | |
| 658 | _aInżynieria i technika | ||
| 658 | _aRolnictwo i leśnictwo | ||
| 700 | 1 |
_aStabnikov, V. N. _eAutor |
|
| 710 | 2 |
_aWydawnictwa Naukowo-Techniczne _4pbl. |
|
| 700 | 1 |
_aBłasiński, Henryk _d(1915-1995) _eTłumaczenie |
|
| 856 |
_uhttp://koha.tu.koszalin.pl/cgi-bin/koha/opac-detail.pl?biblionumber=1324 _yKatalog online BPK |
||
| 942 |
_2UKD _cKS |
||
| 999 |
_c1324 _d1324 |
||